Country Compass - Romania - Statistics

General Stats
  • This quiz has been taken 12 times
  • The average score is 10 of 14
Answer Stats
Country % Correct
Germany
100%
Russia
100%
Italy (Sardinia)
88%
Turkey
88%
Denmark
75%
France
75%
Georgia
75%
Sweden
75%
Estonia
63%
Netherlands
63%
Belgium
50%
Luxembourg
50%
Syria
50%
Libya
38%
No matching quizzes found
Score Distribution
Percent of People with Each Score
Percentile by Number Answered
Your Score History
You have not taken this quiz